[Event "Warsaw YMCA Spring-A 183rd"]
[Site "Warsaw"]
[Date "2017.05.03"]
[Round "5"]
[White "Wnuk Lipinski, Pawel"]
[Black "Szewczak, Andrzej"]
[Result "0-1"]
[WhiteElo "1802"]
[BlackElo "1789"]
[PlyCount "48"]
[EventDate "2017.04.06"]
[EventType "tourn"]
[EventRounds "13"]
[EventCountry "POL"]
[SourceTitle "EXT 2018"]
[Source "ChessBase"]
[SourceDate "2017.10.13"]
[SourceVersion "1"]
[SourceVersionDate "2017.10.13"]
[SourceQuality "1"]

1. d4 b5 2. e4 Bb7 3. Bd3 e6 4. Nf3 a6 5. 0-0 c5 6. d5 c4 7. Be2 Nf6 8. Bg5 Qb6 9. Bxf6 gxf6 10. b3 cxb3 11. axb3 Bg7 12. Ra2 d6 13. c4 b4 14. dxe6 fxe6 15. Nd4 Ke7 16. Bf3 Nd7 17. Nc2 Nc5 18. Qd4 Rhg8 19. Nd2 Bh6 20. Rd1 e5 21. Qb2 f5 22. Ne3 Bxe3 23. fxe3 Nd3 24. Qc2 Qxe3+ 0-1

[Event "Warsaw YMCA Spring-A 183rd"]
[Site "Warsaw"]
[Date "2017.04.20"]
[Round "3"]
[White "Wnuk Lipinski, Pawel"]
[Black "Kasperski, Marcin"]
[Result "1-0"]
[WhiteElo "1802"]
[BlackElo "1788"]
[PlyCount "89"]
[EventDate "2017.04.06"]
[EventType "tourn"]
[EventRounds "13"]
[EventCountry "POL"]
[SourceTitle "EXT 2018"]
[Source "ChessBase"]
[SourceDate "2017.10.13"]
[SourceVersion "1"]
[SourceVersionDate "2017.10.13"]
[SourceQuality "1"]

1. d4 Nf6 2. c4 g6 3. f3 Bg7 4. e4 d6 5. Nc3 0-0 6. Be3 e5 7. d5 Nh5 8. g4 Nf4 9. h4 f5 10. h5 fxg4 11. hxg6 Nxg6 12. fxg4 Qf6 13. Be2 Nf4 14. Bf3 Bxg4 15. Bxg4 Ng2+ 16. Kd2 Nxe3 17. Kxe3 Qf2+ 18. Kd3 Na6 19. Nge2 Rf6 20. Qg1 Nb4+ 21. Kd2 Bh6+ 22. Kd1 Nd3 23. Kc2 Nb4+ 24. Kb3 Nd3 25. Be6+ Kh8 26. Qxf2 Nxf2 27. Rh2 Nd3 28. Bf5 a6 29. Rah1 Kg7 30. Ng3 Nf4 31. Nce2 Nxe2 32. Nh5+ Kf7 33. Nxf6 Nd4+ 34. Kc3 Nxf5 35. exf5 Bf4 36. Rxh7+ Kxf6 37. Rxc7 Kxf5 38. Rxb7 e4 39. Rf7+ Kg4 40. Rg1+ Kf3 41. Rf1+ Ke2 42. R1xf4 e3 43. Re7 Rh8 44. Rfe4 Rh3 45. Kd4 1-0

[Event "Warsaw YMCA Winter-A 179th"]
[Site "Warsaw"]
[Date "2017.02.10"]
[Round "5"]
[White "Wnuk Lipinski, Pawel"]
[Black "Pesko, Tomasz"]
[Result "0-1"]
[WhiteElo "1906"]
[BlackElo "1823"]
[PlyCount "62"]
[EventDate "2017.01.13"]
[EventType "tourn"]
[EventRounds "11"]
[EventCountry "POL"]
[SourceTitle "EXT 2018"]
[Source "ChessBase"]
[SourceDate "2017.10.13"]
[SourceVersion "1"]
[SourceVersionDate "2017.10.13"]
[SourceQuality "1"]

1. d4 g6 2. e4 Bg7 3. f4 d6 4. Nf3 c5 5. c3 Qc7 6. d5 a6 7. a4 Bg4 8. Be2 Nd7 9. 0-0 Ngf6 10. Nbd2 0-0 11. c4 Rae8 12. h3 Bxf3 13. Rxf3 e6 14. dxe6 Rxe6 15. Bd3 Rfe8 16. Rb1 Nb6 17. b3 Nxe4 18. Bxe4 f5 19. Bb2 fxe4 20. Re3 Bd4 21. Bxd4 cxd4 22. Re2 d5 23. Rc1 Qxf4 24. Rf2 Qh4 25. Nf1 d3 26. c5 Nd7 27. Ne3 d4 28. Nc4 e3 29. Rf3 e2 30. Qe1 Qg5 31. Rxd3 Qxc1 0-1

[Event "Warsaw YMCA Winter-A 179th"]
[Site "Warsaw"]
[Date "2017.02.03"]
[Round "4"]
[White "Szymczak, Rafal"]
[Black "Wnuk Lipinski, Pawel"]
[Result "1-0"]
[WhiteElo "1995"]
[BlackElo "1906"]
[PlyCount "102"]
[EventDate "2017.01.13"]
[EventType "tourn"]
[EventRounds "11"]
[EventCountry "POL"]
[SourceTitle "EXT 2018"]
[Source "ChessBase"]
[SourceDate "2017.10.13"]
[SourceVersion "1"]
[SourceVersionDate "2017.10.13"]
[SourceQuality "1"]

1. f4 e5 2. fxe5 d6 3. exd6 Bxd6 4. Nf3 g5 5. g3 g4 6. Nh4 Ne7 7. d4 Ng6 8. Nxg6 hxg6 9. Qd3 Nc6 10. c3 Qe7 11. e4 Bf5 12. Bg2 0-0-0 13. Be3 Be6 14. Bf4 Bxf4 15. gxf4 f5 16. e5 Bd5 17. Bxd5 Rxd5 18. 0-0 Rh3 19. Qd2 g3 20. Re1 Rxh2 21. Re2 Rxe2 22. Qxe2 Qh4 23. Nd2 Rd8 24. Nf3 Qxf4 25. Kg2 Rh8 26. Rh1 Rxh1 27. Kxh1 g5 28. Kg2 Ne7 29. Qd2 Qxd2+ 30. Nxd2 f4 31. Ne4 Nf5 32. Nxg5 Nh4+ 33. Kg1 Kd7 34. d5 Ng6 35. Nf3 c6 36. c4 cxd5 37. cxd5 Ne7 38. d6 Nf5 39. Ng5 Ne3 40. Ne4 b6 41. Nf6+ Ke6 42. Nh5 Nd5 43. Kg2 Ne3+ 44. Kf3 Nd5 45. Ng7+ Kd7 46. Nf5 a5 47. Nh4 Ke6 48. Ke4 b5 49. d7 Kxd7 50. Kxd5 b4 51. Ke4 f3 1-0

[Event "Warsaw YMCA Winter-A 179th"]
[Site "Warsaw"]
[Date "2017.01.20"]
[Round "2"]
[White "Kosny, Marek"]
[Black "Wnuk Lipinski, Pawel"]
[Result "0-1"]
[WhiteElo "1842"]
[BlackElo "1906"]
[PlyCount "84"]
[EventDate "2017.01.13"]
[EventType "tourn"]
[EventRounds "11"]
[EventCountry "POL"]
[SourceTitle "EXT 2018"]
[Source "ChessBase"]
[SourceDate "2017.10.13"]
[SourceVersion "1"]
[SourceVersionDate "2017.10.13"]
[SourceQuality "1"]

1. Nf3 c5 2. c4 Nc6 3. Nc3 g6 4. g3 Bg7 5. Bg2 e6 6. 0-0 Nge7 7. d3 0-0 8. Bf4 d5 9. cxd5 Nxd5 10. Nxd5 exd5 11. Qd2 b6 12. Bh6 Qf6 13. Rab1 Bb7 14. a3 a5 15. Bf4 Rfe8 16. Rfe1 Nd4 17. b4 axb4 18. axb4 Qe7 19. bxc5 bxc5 20. Be3 Ne6 21. Bh6 Ra7 22. Bxg7 Kxg7 23. Rec1 d4 24. e3 dxe3 25. fxe3 f6 26. Qc3 Ba8 27. Rb6 Rd7 28. e4 Rc8 29. Bh3 Rd6 30. Rcb1 Rcd8 31. Qa5 Nd4 32. Ne1 c4 33. Rxd6 Qxd6 34. Rb6 Qc7 35. Bf1 Rb8 36. Ra6 Qxa5 37. Rxa5 c3 38. Ra2 Rb1 39. Nc2 Rb2 40. Rxa8 Rxc2 41. Rc8 Nf3+ 42. Kh1 Rxh2# 0-1

[Event "Rewal op-A 13th"]
[Site "Rewal"]
[Date "2008.08.22"]
[Round "3"]
[White "Grochowalski, Pawel"]
[Black "Wnuk Lipinski, Pawel"]
[Result "1-0"]
[WhiteElo "2121"]
[BlackElo "1956"]
[PlyCount "77"]
[EventDate "2008.08.20"]
[EventType "swiss"]
[EventRounds "9"]
[EventCountry "POL"]
[SourceTitle "CBM 126 Extra"]
[Source "ChessBase"]
[SourceDate "2008.11.05"]
[SourceVersion "1"]
[SourceVersionDate "2008.11.05"]
[SourceQuality "1"]

1. d4 Nf6 2. Nf3 d5 3. c4 e6 4. Nc3 Be7 5. Bg5 0-0 6. e3 Ne4 7. Bxe7 Qxe7 8. Bd3 Nxc3 9. bxc3 Nd7 10. Qc2 h6 11. 0-0 b6 12. Rfd1 Ba6 13. cxd5 Bxd3 14. Qxd3 exd5 15. c4 Qe4 16. Qxe4 dxe4 17. Nd2 Rfe8 18. f3 Nf6 19. a4 c5 20. d5 Rab8 21. Kf2 g5 22. Rdb1 g4 23. f4 Re7 24. Rb5 Nd7 25. Rh1 f5 26. h3 Nf6 27. hxg4 Nxg4+ 28. Ke2 Kg7 29. Rhb1 Nf6 30. Rxc5 bxc5 31. Rxb8 Rc7 32. Nb3 Kg6 33. Na5 h5 34. Nc6 Nd7 35. Ne5+ Nxe5 36. fxe5 Kf7 37. a5 Re7 38. e6+ Kf6 39. d6 1-0

[Event "Rewal op-A 13th"]
[Site "Rewal"]
[Date "2008.08.20"]
[Round "1"]
[White "Wieczorek, Oskar"]
[Black "Wnuk Lipinski, Pawel"]
[Result "1-0"]
[WhiteElo "2232"]
[BlackElo "1956"]
[PlyCount "97"]
[EventDate "2008.08.20"]
[EventType "swiss"]
[EventRounds "9"]
[EventCountry "POL"]
[SourceTitle "CBM 126 Extra"]
[Source "ChessBase"]
[SourceDate "2008.11.05"]
[SourceVersion "1"]
[SourceVersionDate "2008.11.05"]
[SourceQuality "1"]

1. e4 c5 2. Nf3 Nc6 3. d4 cxd4 4. Nxd4 Nf6 5. Nc3 g6 6. Nxc6 dxc6 7. Qxd8+ Kxd8 8. f3 Be6 9. Ne2 Bc4 10. b3 Ba6 11. Bb2 Bh6 12. c4 Re8 13. Rd1+ Nd7 14. g3 Kc7 15. Bh3 Rad8 16. Kf2 b6 17. Nd4 Bc8 18. Rhe1 Nc5 19. Bxc8 Rxc8 20. e5 Rcd8 21. f4 e6 22. Ke2 Rd7 23. Nf3 Red8 24. Rxd7+ Rxd7 25. Rd1 a5 26. Bd4 Rd8 27. Bxc5 bxc5 28. Rxd8 Kxd8 29. Kd3 Kc7 30. Kc3 Kb6 31. Kb2 Ka6 32. Ka3 Kb6 33. Ka4 Ka6 34. Nd2 Bf8 35. Ne4 Be7 36. h3 h6 37. Nf2 g5 38. Ng4 gxf4 39. gxf4 h5 40. Nh6 f6 41. Ng8 fxe5 42. fxe5 Bg5 43. Nf6 h4 44. Nd7 Be3 45. Nf8 Bd4 46. Nxe6 Kb6 47. Nf8 Bc3 48. e6 Bf6 49. Nd7+ 1-0

[Event "Kolobrzeg op"]
[Site "Kolobrzeg"]
[Date "2007.08.23"]
[Round "7"]
[White "Wnuk Lipinski, Pawel"]
[Black "Gisy, Roberto"]
[Result "1/2-1/2"]
[WhiteElo "1972"]
[BlackElo "1823"]
[PlyCount "82"]
[EventDate "2007.08.17"]
[EventType "swiss"]
[EventRounds "9"]
[EventCountry "POL"]
[SourceTitle "EXT 2009"]
[Source "ChessBase"]
[SourceDate "2008.11.26"]
[SourceVersion "1"]
[SourceVersionDate "2008.11.26"]
[SourceQuality "1"]

1. e4 e5 2. Nf3 Nc6 3. Bc4 Nf6 4. Ng5 d5 5. exd5 Nd4 6. c3 b5 7. Bf1 Nxd5 8. cxd4 Qxg5 9. Bxb5+ Kd8 10. Qf3 Bb7 11. 0-0 Rb8 12. d3 Qg6 13. Qg3 Qxg3 14. fxg3 exd4 15. Rxf7 Ne3 16. Bxe3 dxe3 17. Nc3 c6 18. Bc4 Bc8 19. b3 Rb7 20. Rxb7 Bxb7 21. Ne4 Bb4 22. a3 Ba5 23. b4 Bb6 24. Kf1 Rf8+ 25. Ke2 Bd4 26. Rf1 Rxf1 27. Kxf1 Ke7 28. Ng5 h6 29. Nf3 Bb2 30. a4 Bc3 31. Ke2 Bxb4 32. Kxe3 c5 33. d4 Bxf3 34. gxf3 cxd4+ 35. Kxd4 Kf6 36. Ke4 g5 37. f4 gxf4 38. gxf4 a5 39. h4 Be1 40. h5 Bb4 41. Bd3 Be1 1/2-1/2

[Event "Kolobrzeg op"]
[Site "Kolobrzeg"]
[Date "2007.08.19"]
[Round "3"]
[White "Wnuk Lipinski, Pawel"]
[Black "Kramer, Norbert"]
[Result "1-0"]
[WhiteElo "1972"]
[BlackElo "1810"]
[PlyCount "53"]
[EventDate "2007.08.17"]
[EventType "swiss"]
[EventRounds "9"]
[EventCountry "POL"]
[SourceTitle "EXT 2009"]
[Source "ChessBase"]
[SourceDate "2008.11.26"]
[SourceVersion "1"]
[SourceVersionDate "2008.11.26"]
[SourceQuality "1"]

1. e4 d5 2. exd5 Nf6 3. d4 Bg4 4. f3 Bf5 5. c4 e6 6. dxe6 Nc6 7. Be3 fxe6 8. Nc3 Qd7 9. a3 0-0-0 10. Nge2 Qf7 11. Qa4 Be7 12. 0-0-0 Kb8 13. g3 Rd7 14. Bg2 Rhd8 15. f4 Ng4 16. Bxc6 bxc6 17. Bg1 Kb7 18. d5 c5 19. Qc6+ Kb8 20. Qb5+ Ka8 21. Qc6+ Kb8 22. Bxc5 Bxc5 23. Qxc5 a6 24. h3 Nf6 25. Nd4 Rd6 26. Nc6+ Rxc6 27. dxc6 1-0

[Event "Kolobrzeg op"]
[Site "Kolobrzeg"]
[Date "2007.08.18"]
[Round "2"]
[White "Grabarczyk, Bogdan"]
[Black "Wnuk Lipinski, Pawel"]
[Result "1-0"]
[WhiteElo "2437"]
[BlackElo "1972"]
[PlyCount "65"]
[EventDate "2007.08.17"]
[EventType "swiss"]
[EventRounds "9"]
[EventCountry "POL"]
[SourceTitle "EXT 2009"]
[Source "ChessBase"]
[SourceDate "2008.11.26"]
[SourceVersion "1"]
[SourceVersionDate "2008.11.26"]
[SourceQuality "1"]

1. e4 c5 2. Nf3 Nc6 3. d4 cxd4 4. Nxd4 Nf6 5. Nc3 e5 6. Ndb5 d6 7. Bg5 a6 8. Na3 b5 9. Bxf6 gxf6 10. Nd5 Bg7 11. c3 Ne7 12. Nxe7 Qxe7 13. Nc2 f5 14. exf5 0-0 15. Ne3 Rd8 16. Nd5 Qh4 17. Bd3 Bb7 18. g3 Qh6 19. Be4 Bxd5 20. Qxd5 Ra7 21. 0-0 Rc7 22. Rfd1 Qf6 23. a4 Rc4 24. axb5 axb5 25. Ra7 Bf8 26. Qb7 Rdc8 27. Bd5 R4c7 28. Qxc7 Rxc7 29. Rxc7 Qxf5 30. Rxf7 Qc2 31. Ra1 h5 32. Be6 h4 33. Ra8 1-0